[Event "CRO Ch women"]
[Site "Djurdjevac"]
[Date "2020.09.02"]
[Round "3.4"]
[White "Blazeka, Mihaela"]
[Black "Smetisko, Lucija"]
[Result "1/2-1/2"]
[WhiteElo "2027"]
[BlackElo "1550"]
[PlyCount "140"]
[EventDate "2020.09.01"]
[EventType "swiss"]
[EventRounds "9"]
[EventCountry "CRO"]
[WhiteClock "1:27:00"]
[BlackClock "1:30:00"]

{[%evp 0,140,32,32,39,32,59,18,39,59,102,124,137,155,196,180,177,167,167,164,
196,179,180,163,173,159,182,145,137,126,131,131,171,171,166,168,168,181,181,
136,181,135,109,60,94,41,112,129,142,154,130,99,272,143,149,178,143,62,117,106,
111,117,150,179,182,162,57,57,19,-59,-3,-419,-419,-442,-453,-496,-486,-486,
-492,-604,-491,-499,-536,-536,-556,-572,-545,-604,-596,-616,-618,-607,-594,
-618,-546,-557,-474,-498,-251,-251,-272,-272,-221,-221,-230,-318,-328,-265,
-277,-222,-206,-303,-228,-301,-285,-301,-237,-248,-270,-270,-217,-280,-267,
-313,-356,-359,-211,-292,-166,-198,-198,-243,-127,-127,-127,-127,-119,-127,0,
-317,-322,0,0]} 1. e4 e5 2. Nf3 Nc6 3. Nc3 Bc5 4. Nxe5 Nxe5 5. d4 Bxd4 6. Qxd4
f6 7. f4 Nc6 8. Qd1 d6 9. Bc4 Qe7 10. O-O Nh6 11. Qh5+ Nf7 12. Nd5 Qd7 13. Rf3
Nd4 14. Rg3 c6 15. Rxg7 cxd5 16. Qxd5 Ne6 17. Bb5 Nxg7 18. Bxd7+ Bxd7 19. Qxb7
Rc8 20. Bd2 Ne6 21. Qxa7 Rxc2 22. Qe3 Rc4 23. b3 Rc7 24. Bc3 Ke7 25. Rd1 Rg8
26. g3 Rg4 27. Kf2 Rg8 28. Rd2 Rgc8 29. Bb4 Rb7 30. Ba3 Ra8 31. Bb2 Rb5 32. Qc3
Rxa2 33. Qxf6+ Ke8 34. Ke2 Rxb3 35. e5 Rbxb2 36. Rxb2 Rxb2+ 37. Ke1 dxe5 38.
fxe5 Rxh2 39. g4 Nf8 40. Qb6 Bxg4 41. Qb8+ Nd8 42. Qd6 Ng6 43. Kf1 Rh5 44. Qd5
Be6 45. Qb5+ Kf7 46. Qb6 Bh3+ 47. Kg1 Ne6 48. Qb7+ Ne7 49. Qf3+ Rf5 50. Qxh3
Kg6 51. Qd3 Nc6 52. Qd7 Ncd4 53. Qe8+ Kh6 54. Qe7 Nf3+ 55. Kg2 Nfg5 56. Kg3 Kh5
57. Qe8+ Rf7 58. Qa4 Rf3+ 59. Kh2 Nf4 60. Qe8+ Kh4 61. Qd8 Rf2+ 62. Kh1 Nfh3
63. e6 Kg3 64. Qc7+ Nf4 65. Qc3+ Rf3 66. Qe1+ Kg4 67. Qg1+ Kf5 68. Qc5+ Kxe6
69. Qc6+ Kf5 70. Qxf3 Nxf3 1/2-1/2

[Event "CRO Ch women"]
[Site "Djurdjevac"]
[Date "2020.09.02"]
[Round "3.5"]
[White "Smetisko, Marija"]
[Black "Mihaljevic, Eva"]
[Result "0-1"]
[WhiteElo "1924"]
[BlackElo "1492"]
[PlyCount "40"]
[EventDate "2020.09.01"]
[EventType "swiss"]
[EventRounds "9"]
[EventCountry "CRO"]
[WhiteClock "1:30:00"]
[BlackClock "1:30:00"]

{[%evp 0,40,42,29,58,25,46,-17,13,6,36,37,50,-17,67,24,69,67,75,-5,97,94,94,6,
51,39,43,12,49,36,33,-33,-51,-100,-111,-224,-84,-218,-231,-353,-383,-601,-688]
} 1. e4 e6 2. d4 d5 3. exd5 exd5 4. Nc3 Nf6 5. Bg5 Be6 6. Bd3 c6 7. Nge2 Bd6 8.
Nf4 Nbd7 9. Qf3 Qc7 10. Nxe6 fxe6 11. O-O-O O-O-O 12. Rhe1 Rde8 13. Ne2 e5 14.
Bf5 Kb8 15. Bxf6 Nxf6 16. dxe5 Bxe5 17. h3 Rhf8 18. Ng3 g6 19. Bd3 Ne4 20. Qe3
Bf4 0-1

[Event "CRO Ch women"]
[Site "Djurdjevac"]
[Date "2020.09.02"]
[Round "3.6"]
[White "Muha, Magdalena"]
[Black "Dejanovic, Tereza"]
[Result "1/2-1/2"]
[WhiteElo "1771"]
[BlackElo "1792"]
[PlyCount "67"]
[EventDate "2020.09.01"]
[EventType "swiss"]
[EventRounds "9"]
[EventCountry "CRO"]
[WhiteClock "1:30:00"]
[BlackClock "1:30:00"]

{[%evp 0,67,29,13,5,-17,17,-22,0,-44,12,7,-2,-6,34,-34,29,19,60,39,39,42,78,
-50,-53,-60,-51,-70,-48,-64,-22,-19,-20,-31,-29,-36,-9,10,62,43,50,11,19,-50,
26,-28,-14,-21,-18,-36,-24,-24,-28,-43,-18,18,47,79,86,86,86,79,83,79,89,6,72,
0,0,3]} 1. d4 d5 2. c4 e6 3. Nf3 Nf6 4. g3 Bb4+ 5. Bd2 Be7 6. Bg2 O-O 7. Qc2 c6
8. O-O b6 9. Bf4 Bb7 10. Nbd2 c5 11. Bxb8 Rxb8 12. Rfd1 cxd4 13. Nxd4 Bc5 14.
N4b3 Qe7 15. cxd5 exd5 16. Nxc5 bxc5 17. Nb3 Rbc8 18. Rac1 c4 19. Nd4 Rfe8 20.
Nf5 Qe5 21. Rd2 Rc7 22. Ne3 Rec8 23. Qd1 Rc5 24. Rc3 Ne4 25. Bxe4 Qxe4 26. Rd4
Qe6 27. Nxc4 h6 28. Ne3 Rxc3 29. bxc3 Rxc3 30. Nxd5 Bxd5 31. Rxd5 Qc6 32. Kg2
Rc2 33. f3 Rxe2+ 34. Qxe2 1/2-1/2

[Event "CRO Ch women"]
[Site "Djurdjevac"]
[Date "2020.09.02"]
[Round "3.7"]
[White "Koksa, Jelena"]
[Black "Trgovac, Mira"]
[Result "1-0"]
[WhiteElo "1843"]
[BlackElo "1563"]
[PlyCount "71"]
[EventDate "2020.09.01"]
[EventType "swiss"]
[EventRounds "9"]
[EventCountry "CRO"]
[WhiteClock "1:30:00"]
[BlackClock "1:30:00"]

{[%evp 0,71,29,29,34,52,52,22,62,24,41,-35,-22,25,-7,-46,1,-47,-43,-116,-108,
-84,-31,-20,-26,15,15,27,80,-5,279,85,115,94,94,-22,238,237,289,237,213,227,
241,207,207,161,191,156,155,111,160,141,251,236,255,204,213,220,154,140,306,
242,192,192,330,271,271,271,477,459,630,630,1543,2173]} 1. e4 e6 2. d4 d5 3.
Nd2 c5 4. exd5 Qxd5 5. dxc5 Bxc5 6. Ngf3 Nf6 7. Bd3 O-O 8. Qe2 Nc6 9. c3 Rd8
10. Bc2 Ne7 11. Ne4 Nxe4 12. Bxe4 Qd6 13. O-O Ng6 14. Ng5 Nf8 15. Qh5 g6 16.
Qf3 Qe7 17. Nh3 Rb8 18. Bg5 Qc7 19. Bxd8 Qxd8 20. Rad1 Qc7 21. Qg3 e5 22. Bd5
h6 23. Qh4 Kg7 24. b4 Bd6 25. Qc4 Qe7 26. Bxf7 b5 27. Qb3 Bc7 28. Bd5 e4 29.
Rfe1 Qe5 30. Rxe4 Qxh2+ 31. Kf1 Bxh3 32. Re7+ Kh8 33. gxh3 Bb6 34. Qb2 Qxh3+
35. Bg2 Qg4 36. c4+ 1-0

[Event "CRO Ch women"]
[Site "Djurdjevac"]
[Date "2020.09.02"]
[Round "3.8"]
[White "Purkic, Ruza"]
[Black "Kovac, Petra"]
[Result "0-1"]
[WhiteElo "1474"]
[BlackElo "1371"]
[PlyCount "110"]
[EventDate "2020.09.01"]
[EventType "swiss"]
[EventRounds "9"]
[EventCountry "CRO"]
[WhiteClock "1:30:00"]
[BlackClock "1:30:00"]

{[%evp 0,110,29,-17,-30,-47,-6,5,-7,-22,-14,-14,-13,-13,15,-16,20,22,22,19,38,
44,94,29,106,96,96,78,78,-54,-38,-83,-67,-73,-158,-157,-78,-60,-80,-258,4,-202,
-219,-298,-296,-370,-370,-435,-448,-395,-283,-314,-293,-296,-237,-246,-256,
-274,-206,-331,-315,-290,-166,-168,-168,-168,-215,-222,-222,-348,-348,-348,
-295,-295,-289,-289,-234,-315,-312,-312,-312,-297,-294,-294,-277,-399,-381,
-362,-334,-333,-330,-335,-341,-357,-376,-402,-502,-502,-691,-691,-888,-888,
-888,-889,-889,-1068,-1081,-1081,-1122,-1145,-1145,-1508,-1498]} 1. c4 e5 2. g3
f5 3. Nc3 Nc6 4. Bg2 Nf6 5. d3 Bb4 6. Bd2 Bxc3 7. Bxc3 d6 8. Nf3 O-O 9. O-O Qe8
10. b4 Qh5 11. Qb3 f4 12. c5+ Kh8 13. b5 Ne7 14. d4 e4 15. cxd6 cxd6 16. Nd2
Bh3 17. f3 e3 18. Nc4 Nf5 19. Be1 g5 20. Qb2 g4 21. d5 Bxg2 22. fxg4 Qh3 23.
Rxf4 Bxd5 24. Rf3 Ng7 25. Nxe3 Bxf3 26. exf3 Qh6 27. Bd2 Qg6 28. Re1 Nd7 29.
Nf5 Ne5 30. Bc3 Rae8 31. Bxe5 dxe5 32. Rxe5 Rxe5 33. Qxe5 Qf6 34. Qc5 Nxf5 35.
gxf5 Qa1+ 36. Kg2 Qxa2+ 37. Kh3 Kg7 38. Qe7+ Qf7 39. Qg5+ Kh8 40. g4 Qf6 41.
Qe3 a5 42. Qa7 b6 43. Qc7 h5 44. Qf4 hxg4+ 45. fxg4 Kg7 46. Qc7+ Rf7 47. Qf4
Qh6+ 48. Qxh6+ Kxh6 49. Kh4 a4 50. g5+ Kg7 51. Kg4 a3 52. h4 a2 53. h5 a1=Q 54.
h6+ Kh8 55. g6 Qg1+ 0-1

[Event "CRO Ch women"]
[Site "Djurdjevac"]
[Date "2020.09.03"]
[Round "4.1"]
[White "Medic, Mirjana"]
[Black "Berke, Ana"]
[Result "1/2-1/2"]
[WhiteElo "2207"]
[BlackElo "2127"]
[PlyCount "33"]
[EventDate "2020.09.01"]
[EventType "swiss"]
[EventRounds "9"]
[EventCountry "CRO"]
[WhiteClock "1:30:00"]
[BlackClock "1:30:00"]

{[%evp 0,33,58,-14,-5,-16,1,0,36,14,27,21,49,49,68,70,70,70,87,57,57,53,61,61,
62,72,26,13,9,-3,27,2,9,-6,0,17]} 1. c4 d5 2. d4 e6 3. Nc3 a6 4. cxd5 exd5 5.
Nf3 c6 6. Bf4 Bd6 7. Bxd6 Qxd6 8. e3 Ne7 9. Qb3 O-O 10. Bd3 Nd7 11. O-O Nf6 12.
h3 Bf5 13. Bxf5 Nxf5 14. Qc2 g6 15. a3 Qe7 16. Rfe1 Nd6 17. Ne5 1/2-1/2

[Event "CRO Ch women"]
[Site "Djurdjevac"]
[Date "2020.09.03"]
[Round "4.2"]
[White "Mihaljevic, Eva"]
[Black "Vujnovic, Patricija"]
[Result "0-1"]
[WhiteElo "1492"]
[BlackElo "2098"]
[PlyCount "58"]
[EventDate "2020.09.01"]
[EventType "swiss"]
[EventRounds "9"]
[EventCountry "CRO"]
[WhiteClock "1:30:00"]
[BlackClock "1:30:00"]

{[%evp 0,58,7,5,44,44,41,41,20,28,95,33,47,-8,50,-14,14,40,25,-19,13,25,32,32,
32,-10,7,-5,5,-32,-18,-53,-1,-10,28,-5,3,-14,-4,-35,0,-4,17,12,17,-20,36,-79,
-93,-93,-165,-165,-189,-271,-206,-224,-234,-219,-232,-511,-286]} 1. d4 d5 2.
Bf4 Nf6 3. e3 e6 4. Nd2 c5 5. c3 Bd6 6. Bg3 Qc7 7. Bd3 Nbd7 8. Ngf3 O-O 9. Qe2
e5 10. dxe5 Nxe5 11. Nxe5 Bxe5 12. Nf3 Bd6 13. O-O-O Bg4 14. Qc2 g6 15. Bh4 Be7
16. h3 Bd7 17. g4 Rfe8 18. Bg3 Bd6 19. Bh4 Be7 20. Bg3 Qa5 21. Kb1 c4 22. Be2
Ba4 23. Qd2 Bxd1 24. Rxd1 Rad8 25. Qd4 Ne4 26. Rg1 Bc5 27. Qd1 Re6 28. Qc2 Ra6
29. Bxc4 dxc4 0-1

[Event "CRO Ch women"]
[Site "Djurdjevac"]
[Date "2020.09.03"]
[Round "4.3"]
[White "Cvitan, Ena"]
[Black "Saric, Kristina"]
[Result "1/2-1/2"]
[WhiteElo "2242"]
[BlackElo "2218"]
[PlyCount "87"]
[EventDate "2020.09.01"]
[EventType "swiss"]
[EventRounds "9"]
[EventCountry "CRO"]
[WhiteClock "1:28:00"]
[BlackClock "1:30:00"]

{[%evp 0,87,42,42,41,18,26,10,78,55,75,4,4,18,18,6,44,28,45,45,19,19,23,1,6,
-20,118,-11,-20,-20,47,24,31,11,32,0,73,83,82,18,114,144,232,206,175,98,111,83,
99,109,120,125,130,57,92,50,50,50,21,0,104,139,139,95,153,95,82,-83,134,63,73,
73,73,38,38,59,18,5,-10,-3,22,18,18,14,45,27,27,-55,22,22]} 1. d4 d5 2. Nf3 Nf6
3. Bf4 c5 4. e3 Nc6 5. Nbd2 Qb6 6. dxc5 Qxb2 7. Rb1 Qc3 8. Bb5 Nd7 9. O-O a6
10. Bxc6 bxc6 11. e4 e6 12. Nb3 Bxc5 13. Bd2 Qc4 14. Nxc5 Qxc5 15. Bb4 Qc4 16.
Nd2 Qd4 17. c3 Qf6 18. Qa4 e5 19. f4 Nb6 20. Qa5 Qd8 21. fxe5 Be6 22. Ba3 Nd7
23. Qxd8+ Kxd8 24. Bd6 dxe4 25. Nxe4 Bxa2 26. Rb2 Bd5 27. Nd2 Re8 28. c4 Be6
29. Rb7 f6 30. exf6 gxf6 31. h3 c5 32. Rd1 Bf5 33. Nb3 Re2 34. Bxc5 Rxg2+ 35.
Kxg2 Be4+ 36. Kg3 Bxb7 37. Na5 Be4 38. Kf4 f5 39. Bd6 Ke8 40. c5 Rc8 41. Rc1
Nb8 42. Rg1 Kf7 43. Ra1 Nc6 44. Nxc6 1/2-1/2

[Event "CRO Ch women"]
[Site "Djurdjevac"]
[Date "2020.09.03"]
[Round "4.4"]
[White "Dejanovic, Tereza"]
[Black "Blazeka, Mihaela"]
[Result "1/2-1/2"]
[WhiteElo "1792"]
[BlackElo "2027"]
[PlyCount "84"]
[EventDate "2020.09.01"]
[EventType "swiss"]
[EventRounds "9"]
[EventCountry "CRO"]
[WhiteClock "0:33:27"]
[BlackClock "1:31:00"]

{[%evp 0,84,17,10,48,21,42,-41,-17,20,32,22,59,-24,5,-70,-41,-41,-41,-41,-41,
-46,-41,-54,-58,-50,-44,-48,-48,-45,-26,-60,-45,-45,-15,-16,-10,-56,-32,-63,
-34,-23,-51,-51,-73,-23,-16,-37,-10,11,-14,-61,-17,-25,-10,-13,-1,-38,-51,-117,
-44,-39,-71,-71,-70,-75,-58,-56,-56,-56,-59,-51,-51,-51,-30,-51,-83,-89,-89,
-91,-38,-48,-89,-98,-98,-89,-88]} 1. e4 Nc6 2. d4 d5 3. exd5 Qxd5 4. Nf3 Bg4 5.
Be2 O-O-O 6. c3 e5 7. dxe5 Qxd1+ 8. Bxd1 Nxe5 9. O-O Nxf3+ 10. Bxf3 Bxf3 11.
gxf3 Nf6 12. Nd2 Bc5 13. Nb3 Bb6 14. Be3 Nd5 15. Bd4 Bxd4 16. Nxd4 Nb6 17. Rfe1
Rhe8 18. Kf1 Na4 19. Rab1 g6 20. Re3 Rxe3 21. fxe3 c5 22. Nb3 Rd3 23. Ke2 c4
24. Nd2 b5 25. Ne4 f5 26. Nf2 Rd6 27. e4 a5 28. Rd1 Kd7 29. h4 Rxd1 30. Nxd1
fxe4 31. fxe4 Ke6 32. Ke3 Ke5 33. a3 h6 34. Nf2 h5 35. Nd1 Nc5 36. Nf2 Na4 37.
Nd1 Nc5 38. Nf2 Na4 39. Nd1 Nb6 40. Nf2 Na4 41. Nd1 Nc5 42. Nf2 Na4 1/2-1/2

[Event "CRO Ch women"]
[Site "Djurdjevac"]
[Date "2020.09.03"]
[Round "4.5"]
[White "Radikovic, Anamarija"]
[Black "Muha, Magdalena"]
[Result "1-0"]
[WhiteElo "1974"]
[BlackElo "1771"]
[PlyCount "69"]
[EventDate "2020.09.01"]
[EventType "swiss"]
[EventRounds "9"]
[EventCountry "CRO"]
[WhiteClock "1:30:00"]
[BlackClock "1:30:00"]

{[%evp 0,69,26,26,22,-15,10,-5,20,-24,-5,-46,-46,-46,-26,-54,-35,-16,-6,-8,24,
23,25,26,26,38,38,32,78,38,103,157,182,182,182,198,198,206,203,188,220,219,316,
294,304,295,295,231,231,201,207,168,168,154,190,185,214,219,252,261,286,269,
269,277,277,277,309,309,309,331,343,333]} 1. Nf3 d5 2. g3 Nf6 3. Bg2 c5 4. O-O
Nc6 5. d4 cxd4 6. Nxd4 e5 7. Nxc6 bxc6 8. c4 Be6 9. Nc3 h6 10. Qa4 Qd7 11. cxd5
cxd5 12. Qxd7+ Kxd7 13. Rd1 Kc6 14. Be3 Bc5 15. Nxd5 Bxd5 16. Rac1 Bxg2 17.
Rxc5+ Kb7 18. Kxg2 Rhe8 19. Rd3 Rac8 20. Ra5 Rc2 21. Rxa7+ Kb8 22. Rb3+ Kc8 23.
Ra8+ Kd7 24. Rd3+ Ke6 25. Rxe8+ Nxe8 26. Rd2 Rc4 27. b3 Rb4 28. Bc5 Rb5 29. b4
f5 30. Rd8 Nf6 31. Rd6+ Kf7 32. f3 Ne8 33. Rd7+ Kf6 34. a4 Rb8 35. a5 1-0

[Event "CRO Ch women"]
[Site "Djurdjevac"]
[Date "2020.09.03"]
[Round "4.6"]
[White "Smetisko, Lucija"]
[Black "Smetisko, Marija"]
[Result "1-0"]
[WhiteElo "1550"]
[BlackElo "1924"]
[PlyCount "69"]
[EventDate "2020.09.01"]
[EventType "swiss"]
[EventRounds "9"]
[EventCountry "CRO"]
[WhiteClock "1:30:00"]
[BlackClock "1:30:00"]

{[%evp 0,69,26,-12,1,-72,-60,-67,-37,-130,-21,-38,-33,-96,-5,-27,12,-56,-42,
-42,-42,-42,49,11,54,41,-20,-42,218,219,384,428,435,504,504,521,557,501,585,
585,585,543,543,563,573,512,528,501,563,495,541,440,508,507,551,533,578,578,
586,619,651,609,707,671,639,639,894,894,1063,826,826,836]} 1. h4 e5 2. h5 d5 3.
d4 e4 4. f3 f5 5. Nc3 Nf6 6. h6 g6 7. Bg5 Bd6 8. Nxd5 Bg3+ 9. Kd2 Qxd5 10. Bxf6
e3+ 11. Kc1 Rf8 12. Bg7 Rf7 13. Nh3 c5 14. Ng5 Rxg7 15. hxg7 h5 16. dxc5 Qg8
17. Qd4 Nc6 18. Qxe3+ Be5 19. f4 Qxg7 20. fxe5 Qxe5 21. Qxe5+ Nxe5 22. c3 Bd7
23. Kc2 Ng4 24. Re1 f4 25. Nh3 Bf5+ 26. Kc1 O-O-O 27. Nxf4 Be4 28. e3 Nf2 29.
Rg1 h4 30. Be2 g5 31. Ne6 Rd5 32. Ref1 h3 33. Rxf2 Bxg2 34. Bf1 h2 35. Rfxg2
1-0

[Event "CRO Ch women"]
[Site "Djurdjevac"]
[Date "2020.09.03"]
[Round "4.7"]
[White "Kovac, Petra"]
[Black "Koksa, Jelena"]
[Result "0-1"]
[WhiteElo "1371"]
[BlackElo "1843"]
[PlyCount "42"]
[EventDate "2020.09.01"]
[EventType "swiss"]
[EventRounds "9"]
[EventCountry "CRO"]
[WhiteClock "1:30:00"]
[BlackClock "1:30:00"]

{[%evp 0,42,26,20,56,56,61,42,42,-52,6,-3,-16,-35,118,118,118,102,102,-22,-44,
-44,-44,-44,-37,-88,-84,-191,-139,-150,-103,-134,-134,-192,-132,-171,-169,-187,
-167,-191,-160,-160,-127,-318,-318]} 1. e4 e5 2. Nf3 Nc6 3. d4 exd4 4. Bc4 Bc5
5. c3 Nf6 6. e5 d5 7. exf6 dxc4 8. fxg7 Qe7+ 9. Qe2 Qxe2+ 10. Kxe2 Rg8 11. Bh6
Bf5 12. h4 O-O-O 13. h5 Bd3+ 14. Kd1 dxc3 15. Nxc3 Bxf2 16. Nd2 Nb4 17. Rc1
Rge8 18. a3 Nd5 19. Bg5 Nxc3+ 20. Rxc3 Rd5 21. Bf4 Rxh5 0-1

[Event "CRO Ch women"]
[Site "Djurdjevac"]
[Date "2020.09.03"]
[Round "4.8"]
[White "Trgovac, Mira"]
[Black "Purkic, Ruza"]
[Result "0-1"]
[WhiteElo "1563"]
[BlackElo "1474"]
[PlyCount "102"]
[EventDate "2020.09.01"]
[EventType "swiss"]
[EventRounds "9"]
[EventCountry "CRO"]
[WhiteClock "1:30:00"]
[BlackClock "1:30:00"]

{[%evp 0,102,26,26,41,-31,31,-21,73,49,34,33,83,57,42,60,46,-23,-1,8,27,23,27,
2,14,15,42,-80,-11,-36,41,41,-15,-15,-21,-33,26,-32,-75,-92,-98,-118,-139,-146,
-141,-141,-141,-141,-172,-204,-220,-301,-254,-373,-292,-288,-248,-248,-253,
-288,-226,-226,-264,-262,-212,-224,-221,-221,-238,-241,-247,-492,-255,-250,
-251,-242,-234,-282,-225,-219,-212,-248,-204,-227,-185,-205,-207,-329,-329,
-326,-336,-336,-316,-334,-340,-369,-358,-359,-348,-372,-404,-413,-442,-698,
-728]} 1. d4 Nf6 2. c4 c5 3. Nf3 g6 4. Nc3 cxd4 5. Nxd4 Bg7 6. g3 O-O 7. Bg2
Nc6 8. Nxc6 bxc6 9. O-O Qc7 10. Rb1 Rd8 11. b3 d5 12. cxd5 cxd5 13. Nb5 Qa5 14.
a4 a6 15. b4 Qb6 16. Be3 Qb7 17. Nd4 Ne4 18. Qc1 Bd7 19. f3 Rdc8 20. Qe1 Nc3
21. Rb3 Nxa4 22. f4 Rc4 23. Qd2 Rac8 24. Rfb1 e6 25. Nf3 Nc3 26. Rc1 Ne4 27.
Qe1 Ba4 28. Rxc4 Rxc4 29. Ra3 Qxb4 30. Qxb4 Rxb4 31. Nd2 Nxd2 32. Bxd2 Rb1+ 33.
Kf2 Bb5 34. Bf3 Rb2 35. Bc1 Bd4+ 36. Ke1 Rc2 37. Kd1 Rc7 38. Kd2 Bc5 39. Rb3 f6
40. Bb2 Kf7 41. e3 Bd6 42. Bc3 Bc5 43. Rb1 Bxe3+ 44. Kxe3 Rxc3+ 45. Kf2 Ke7 46.
Rb4 Kd6 47. Rb2 e5 48. Rd2 d4 49. Be4 a5 50. Rb2 Kc5 51. Ke1 Re3+ 0-1

[Event "CRO Ch women"]
[Site "Djurdjevac"]
[Date "2020.09.04"]
[Round "5.1"]
[White "Vujnovic, Patricija"]
[Black "Medic, Mirjana"]
[Result "1-0"]
[WhiteElo "2098"]
[BlackElo "2207"]
[PlyCount "81"]
[EventDate "2020.09.01"]
[EventType "swiss"]
[EventRounds "9"]
[EventCountry "CRO"]
[WhiteClock "1:29:00"]
[BlackClock "1:30:00"]

{[%evp 0,81,58,31,58,14,42,1,-30,-30,-15,-6,-26,-5,-2,-30,4,11,23,25,51,16,31,
-14,20,20,26,24,108,120,120,119,119,114,165,166,166,176,207,194,345,182,182,
167,179,177,190,164,168,159,160,164,181,185,200,213,204,197,215,216,216,217,
232,206,219,252,251,251,253,248,265,260,260,261,258,343,354,357,357,341,357,
372,379,302]} 1. e4 e6 2. d4 d5 3. Bd3 dxe4 4. Bxe4 Nf6 5. Bf3 c5 6. Ne2 Nc6 7.
Be3 cxd4 8. Nxd4 Ne5 9. Nc3 a6 10. Qe2 Nxf3+ 11. Qxf3 Bd6 12. O-O-O O-O 13. Bg5
Qa5 14. Bxf6 gxf6 15. Nxe6 Bxe6 16. Rxd6 Rad8 17. Rxd8 Rxd8 18. Qxf6 Rd7 19.
Re1 Qc7 20. Qe5 Qxe5 21. Rxe5 Kg7 22. a3 Bc4 23. Re1 f6 24. Nd1 Kg6 25. Ne3 Bf7
26. Rd1 Rc7 27. Rd6 h5 28. h4 Re7 29. Kd2 Re5 30. g3 Re7 31. b4 Rc7 32. Kd3 Re7
33. Kd4 Rc7 34. c4 Bg8 35. a4 Bf7 36. b5 axb5 37. axb5 Bg8 38. c5 Bb3 39. c6
bxc6 40. bxc6 Ra7 41. Ke4 1-0

[Event "CRO Ch women"]
[Site "Djurdjevac"]
[Date "2020.09.04"]
[Round "5.2"]
[White "Berke, Ana"]
[Black "Smetisko, Lucija"]
[Result "1-0"]
[WhiteElo "2127"]
[BlackElo "1550"]
[PlyCount "147"]
[EventDate "2020.09.01"]
[EventType "swiss"]
[EventRounds "9"]
[EventCountry "CRO"]
[WhiteClock "1:30:00"]
[BlackClock "1:30:00"]

{[%evp 0,147,21,-38,-12,-3,-15,-15,-8,-61,-92,-113,-97,-65,-49,-55,-23,-92,-51,
-39,-22,-56,-30,-49,-26,4,4,-9,-9,-9,-9,-22,2,12,11,18,33,-3,-5,-19,28,-1,-6,
-11,-10,-12,-7,-12,2,18,-14,-32,2,8,0,-44,-20,-18,4,-25,-7,1,-3,-12,-9,-9,-9,
-27,29,-120,-87,-140,-39,-84,-23,-46,-33,-33,-34,-82,-6,-41,-69,-77,-59,-101,
-81,-95,-114,-82,-97,-107,-91,-119,-56,-99,-39,-118,-51,-152,3,-15,30,-67,25,
35,42,30,36,42,137,120,148,148,148,115,157,155,168,200,207,130,141,123,154,155,
155,192,192,192,192,192,192,195,195,191,191,189,191,195,191,188,161,169,221,
195,256,258,740,740]} 1. b3 e5 2. Bb2 Nc6 3. e3 a6 4. g3 d5 5. Bg2 Nf6 6. Ne2
Bb4 7. O-O O-O 8. d3 Be6 9. Nd2 Qd7 10. Nf3 Bd6 11. c4 Bh3 12. c5 Bxg2 13. Kxg2
Bxc5 14. Nxe5 Nxe5 15. Bxe5 Ng4 16. Bf4 h6 17. h3 Nf6 18. g4 Bd6 19. Bg3 Nh7
20. f4 Rae8 21. Qd2 Qe7 22. Rf3 Bb4 23. Qc2 Qc5 24. Qxc5 Bxc5 25. Bf2 Re7 26.
Ng3 Nf6 27. g5 hxg5 28. fxg5 Nd7 29. Rc1 Bb6 30. Nf5 Re6 31. d4 g6 32. Nh6+ Kg7
33. Ng4 f5 34. Nh2 Rfe8 35. b4 Nf8 36. Nf1 R6e7 37. Bg3 Kf7 38. h4 c6 39. Bd6
Rd7 40. Bc5 Bc7 41. Bxf8 Rxf8 42. Ng3 Bxg3 43. Kxg3 Rh8 44. a4 Ke6 45. Rf2 Kd6
46. b5 Re7 47. Rc3 Re4 48. Rf4 Rhe8 49. Kf3 R4e7 50. bxa6 bxa6 51. Rb3 Kc7 52.
h5 gxh5 53. Rxf5 Rg7 54. Rc3 Re6 55. Rxd5 Rf7+ 56. Ke2 h4 57. Rdc5 Kb6 58. a5+
Kb7 59. Rb3+ Ka7 60. Rc1 h3 61. Rh1 Rg7 62. Rxh3 Rxg5 63. Rh7+ Ka8 64. Rhb7 Re8
65. R7b6 Rxa5 66. Rxc6 Ka7 67. Rc7+ Ka8 68. Kd3 Ra1 69. Rc6 Ka7 70. d5 Rd1+ 71.
Kc4 Re4+ 72. Kc5 Re1 73. Re6 R1xe3 74. Rxe3 1-0

[Event "CRO Ch women"]
[Site "Djurdjevac"]
[Date "2020.09.04"]
[Round "5.3"]
[White "Blazeka, Mihaela"]
[Black "Radikovic, Anamarija"]
[Result "0-1"]
[WhiteElo "2027"]
[BlackElo "1974"]
[PlyCount "34"]
[EventDate "2020.09.01"]
[EventType "swiss"]
[EventRounds "9"]
[EventCountry "CRO"]
[WhiteClock "1:28:00"]
[BlackClock "1:30:00"]

{[%evp 0,34,13,11,77,86,111,107,89,36,65,29,10,4,34,-13,2,6,6,29,33,-1,61,33,
20,49,67,-24,13,-29,19,-32,-17,-22,-39,-1178,-724]} 1. e4 c5 2. Nf3 d6 3. d4
cxd4 4. Nxd4 Nf6 5. f3 e5 6. Nb3 Be7 7. c4 a5 8. Be3 a4 9. N3d2 Qa5 10. Be2 Bd8
11. Nc3 O-O 12. Rb1 Nc6 13. Qc1 Be6 14. b3 a3 15. Nb5 Nb4 16. Ra1 Bb6 17. Nf1
Nd3+ 0-1

[Event "CRO Ch women"]
[Site "Djurdjevac"]
[Date "2020.09.04"]
[Round "5.4"]
[White "Saric, Kristina"]
[Black "Mihaljevic, Eva"]
[Result "1-0"]
[WhiteElo "2218"]
[BlackElo "1492"]
[PlyCount "73"]
[EventDate "2020.09.01"]
[EventType "swiss"]
[EventRounds "9"]
[EventCountry "CRO"]
[WhiteClock "1:30:00"]
[BlackClock "1:30:00"]

{[%evp 0,73,6,6,37,37,46,31,49,29,29,13,-24,-1,3,-12,-12,-10,-4,9,30,24,27,24,
67,31,30,19,32,-9,19,7,-3,-9,85,81,61,-15,28,-47,-41,-66,42,23,43,48,52,53,50,
84,133,104,247,191,191,182,557,182,213,167,235,240,229,233,233,220,218,180,180,
148,152,180,194,152,204,218]} 1. e4 e6 2. d4 d5 3. Nd2 Nf6 4. e5 Nfd7 5. Bd3 c5
6. c3 Nc6 7. Ne2 cxd4 8. cxd4 f6 9. exf6 Nxf6 10. Nf3 Bd6 11. O-O Qc7 12. Bd2
O-O 13. Rc1 Bd7 14. Ng3 Rae8 15. Re1 Qb6 16. Bc3 Ne7 17. Ne5 Bb5 18. Bb1 Nd7
19. Qc2 g6 20. a4 Nxe5 21. axb5 Ng4 22. f3 Bxg3 23. hxg3 Nh6 24. g4 Nc8 25. Qd2
Kg7 26. Ba5 Qxb5 27. Rc5 Qa4 28. Bc2 Qa2 29. Qc3 b6 30. Bb3 Qxa5 31. Rxa5 bxa5
32. Qc7+ Re7 33. Qe5+ Kg8 34. Rc1 Nf7 35. Qe3 Nfd6 36. Rc6 Rff7 37. Qe5 1-0